| 000 | 00975nam a22002535a 4500 | ||
|---|---|---|---|
| 003 | OSt | ||
| 005 | 20170408105630.0 | ||
| 008 | 160922s2011 ua frb 000 0 ara d | ||
| 015 | _a2011 / 16644 | ||
| 020 | _a9789770468347 | ||
| 040 |
_aEG-ScBUE _bara _cEG-ScBUE |
||
| 082 | 0 | 4 |
_a341.33 _bح س ن _222 |
| 100 | 1 | _aحسنين، محمد رمضان. | |
| 245 | 1 | 0 |
_aحصانة المنظمات الدولية من كل صور التقاضي / _cمحمد رمضان حسنين. |
| 260 |
_aالقاهرة : _bدار النهضة العربية، _c2011. |
||
| 300 |
_a140 ص. ؛ _c24 سم. |
||
| 504 | _aيشتمل على إرجاعات ببليوجرافية. | ||
| 650 | 7 |
_2BUEsh _aالحصانة القضائية (قانون دولي) |
|
| 650 | 7 |
_2BUEsh _aالحصانة الدبلوماسية (قانون دولي) |
|
| 650 | 7 |
_aالمنظمات الدولية _xقوانين وتشريعات _2BUEsh |
|
| 651 | _2BUEsh | ||
| 653 |
_bLLAAWW _cApril2017 |
||
| 942 | _2ddc | ||
| 999 |
_c24589 _d24561 |
||